00729nam a2200169Ia 4500008004000000082001800040100003000058245009300088250000500181260004200186300001400228650008700242690002100329906001000350999001900360952018000379210210b2001 xxu||||| |||| 00| 0 eng d a001.6402 STUA aSTUDENT AID publications. aAll India directory of computer and information technology institutes, courses and jobs. a aDelhibStudent Aid Publicationsc2001 axxxii,275 aDirectory, Computer Informations Technology, Institutes Courses, Jobs Careers  aComputer Entranc a05628 c103898d103898 001040708Computer ScienceaALbALcComputer Scienced2021-02-17eHigginbothams (P) Ltd., Mangalore-01.g80.00l0o001.6402 STUAp056289r2021-02-17 00:00:00w2021-02-17yBK